|
|
|
|
| LEADER |
01293nam a22002777a 4500 |
| 001 |
41099 |
| 003 |
BD-DhAAL |
| 008 |
231127t2018 bg ||||| b||| 00| 0 ben d |
| 020 |
|
|
|a 97898483833583
|
| 040 |
|
|
|a BD-DhAAL
|c BD-DhAAL
|
| 041 |
|
|
|a ben
|
| 082 |
|
|
|a 330.9
|
| 100 |
|
|
|a হাসান, মাহমুদ.
|9 54044
|
| 245 |
|
|
|a মুক্ত করো হে বন্ধ :
|b বিবর্তনের ধারায় মানব সমাজ /
|c মাহমুদ হাসান.
|
| 246 |
|
|
|a Mukto koro he bondho :
|b bibortoner dharay manob samaj
|
| 260 |
|
|
|a ঢাকা :
|b একাদেমিয়া,
|c ২০১৮.
|
| 300 |
|
|
|a ৪১৫ পৃষ্ঠা ;
|c ২৩ সে.মি.
|
| 504 |
|
|
|a গ্রন্থপঞ্জিগত নির্দেশিকা অন্তর্ভুক্ত।
|
| 541 |
|
|
|a Complimentary copy from Dr. Mahmud Hasan
|e 41099
|
| 650 |
|
|
|a Economic conditions.
|
| 650 |
|
|
|a Social conditions.
|
| 650 |
|
|
|a Economics.
|
| 852 |
|
|
|a Ayesha Abed Library
|c General Stacks
|
| 942 |
|
|
|2 ddc
|c BK
|
| 999 |
|
|
|c 46243
|d 46243
|
| 952 |
|
|
|0 0
|1 0
|2 ddc
|4 0
|6 330_900000000000000_HAS
|7 0
|9 74823
|a BRACUL
|b BRACUL
|c GEN
|d 2023-11-28
|e Complimentary copy from Dr. Mahmud Hasan
|g 500.00
|l 2
|m 3
|o 330.9 HAS
|p 3010041099
|r 2024-10-30
|s 2024-10-28
|t 1
|w 2023-11-28
|y BK
|